| 000 | 00598nam a22002417a 4500 | ||
|---|---|---|---|
| 005 | 20190319113822.0 | ||
| 008 | 190319b xxu||||| |||| 00| 0 spa d | ||
| 020 | _a9788449312458 | ||
| 041 | _aspa | ||
| 082 | _a155.23 T166l | ||
| 100 |
_aTannen, Deborah _952830 |
||
| 245 | _a¡Lo digo por tu bien! | ||
| 260 | _aEspaña | ||
| 260 | _bPaidós | ||
| 260 | _c2002 | ||
| 300 | _a380 páginas | ||
| 650 |
_aSUPERACIÓN PERSONAL _92235 |
||
| 650 |
_aCOMUNICACIÓN _9490 |
||
| 650 |
_aFAMILIA _952831 |
||
| 650 |
_aCOSTUMBRES FAMILIARES _952832 |
||
| 650 |
_aDISCIPLINA _91950 |
||
| 942 | _cBK | ||
| 999 |
_c11750 _d11750 |
||